LEADER 01178nam a2200301 a 4500 001 000000148129 003 CaOOAMICUS 005 20151214112335.0 008 151214s2003 xxu u000 u eng r 020 $z9780195178555* 032 $aLibriCat 040 $aPUL$bita 082 04$a155.9 100 1 $aMurphy, Jeffrie G.$0(OLS)http://pul/name/94609 245 10$aGetting even :$bforgiveness and its limits /$cJeffrie G. Murphy. 260 $aOxford ;$aNew York :$bOxford University Press,$cİ2003. 300 $aix, 138 p. ;$c22 cm. 500 $aInclude indice. 504 $aBibliografia p. 119-124. 650 4$aPerdono.$0(OLS)http://pul/subject/20240 850 $aPUL 852 $aPUL$W1$xSL Filosofia 3$y81$m155. 9 MURJE 1$j170877$qDDC 21$B171961$CPULBib$Z2$F171961 $H126735 $81 941 1 $a9 996 $6020$z9780195178555*$9(OLS)http://pul/number/159287 996 $6082$a155.9$9(OLS)http://pul/classification/2875 996 $6245$aGetting even :$bforgiveness and its limits$9(OLS)http://pul/title/186913 996 $6260$aOxford ;$aNew York :$bOxford University Press$9(OLS)http://pul/publisher/74678 LEADER 01075naa a2200241 u 4500 001 000000096470 003 CaOOAMICUS 005 20070226130146.0 008 041015s1993 enk u000 u eng u 020 $a0860783499 035 $a11011767 040 $aIAR$bita 100 1 $aMinnich, Nelson H.,$d1942-$0(OLS)http://pul/name/6676 245 10$aConcepts of reform proposed at the Fifth Lateran Council /$cNelson H. Minnich. 260 $aAldershot :$bVariorum,$c1993. 300 $a[91] S., ;$c23 cm 500 $aWith new appendices (p. 252*-253*) 773 0 $aThe Fifth Lateran Council (1512-17) : Studies on its membership, diplomacy and proposals for reform. 773 0 $tCollected studies$gCS392 773 0 $aMinnich, Nelson H.$tThe Fifth Lateran Council (1512-17) : studies on its membership, diplomacy and proposal for reform$w()6556 996 $6020$a0860783499$9(OLS)http://pul/number/8447 996 $6245$aConcepts of reform proposed at the Fifth Lateran Council$9(OLS)http://pul/title/123347 996 $6260$aAldershot :$bVariorum$9(OLS)http://pul/publisher/48078